000 00761nam a2200229 i 4500
001 107978
003 ES-MaACL
005 20251013192151.0
007 t|
008 070105s1970 sp ||||1| spa d
080 _a911.3:33(46)
100 1 _aVilá Valentí, Juan.
_9114743
245 1 0 _aCampo y ciudad en la geografía española /
_cJ. Vilá Valentí, Horacio Capel.
260 _aMadrid :
_bSalvat,
_c1970.
300 _a192 p. ;
_c19 cm.
490 1 _aBiblioteca básica Salvat de Libros RTV ;
_v71
650 4 _aEspaña-
_xGeografía económica.
_9185462
700 1 _aCapel, Horacio,
_d1941-
_934815
830 0 0 _aBiblioteca básica Salvat de libros RTV
_v71
_9185398
852 _aES-MaACL
_jE-2992
_bR.69765
999 _c107978
_d107978